| 000 | 005860000a22002050004500 | ||
|---|---|---|---|
| 003 | LK-CoMWRAF | ||
| 005 | 20240228125037.0 | ||
| 008 | 230817t ||||| |||| 00| 0 eng d | ||
| 040 |
_aLK-CoMWRAF _dLK-CoMWRAF _eLK-CoMWRAF |
||
| 041 | _aeng | ||
| 082 |
_a310 _bWOR |
||
| 245 |
_aThe World Transformed: _bgender, work and solidarity in the era of free trade and structural adjustment |
||
| 260 |
_aCanada _brhiZone |
||
| 300 | _a133 p. | ||
| 650 | _agender issues | ||
| 650 | _awomen and structural adjustment | ||
| 700 | _aDuffy, Cindy | ||
| 700 | _aBenjamin, Craig | ||
| 942 | _cBK | ||
| 999 |
_c3148 _d3148 |
||